Přejímka dodávek a reklamace
Guardado en:
| Formato: | Libro |
|---|---|
| Lenguaje: | checo |
| Publicado: |
Praha
Státní nakladatelství technické literatury
1987
|
| Etiquetas: |
Sin Etiquetas, Sea el primero en etiquetar este registro!
|
MARC
| LEADER | 00000nam a2200000 4500 | ||
|---|---|---|---|
| 001 | c030554 | ||
| 005 | 20250930081033.4 | ||
| 041 | 0 | |a cze | |
| 044 | |a CZ | ||
| 245 | 1 | 0 | |a Přejímka dodávek a reklamace |
| 264 | 1 | |a Praha |b Státní nakladatelství technické literatury |c 1987 | |
| 300 | |a 302 s. | ||